| 000 | 01175nam a2200313 a 4500 | ||
|---|---|---|---|
| 001 | 000112092 | ||
| 003 | CHAP | ||
| 005 | 20220329144246.0 | ||
| 008 | 151203s2015 mx a fsm |||||||spa d | ||
| 010 | _a108553 | ||
| 011 | _a109525 | ||
| 040 | _cCHAP | ||
| 090 | _aTesis | ||
| 100 | 1 |
_aZamitiz Sánchez del Valle, Saraí Aurelia _9130213 |
|
| 245 | 1 | 0 |
_aDesarrollo de una mezcla mineral para la recepción de ovinos en el corral de engorda / _h[En línea] _cpor Saraí Aurelia Zamitiz Sánchez del Valle. |
| 260 |
_aChapingo, Méx. : _bEl autor, _c2015. |
||
| 500 | _aPara ver el contenido del material haga clic en la liga | ||
| 502 | _aTesis (M.C. en Innovación Ganadera) -- UACH. Departamento de Zootecnia | ||
| 590 |
_aE6096MTM _b05 _c20151203 _lUCH01 _h0941 |
||
| 590 |
_aE6096MTM _b05 _c20151203 _lUCH01 _h0947 |
||
| 650 | 1 | 4 |
_aAlimentos y alimentación del ganado _xAnálisis _94327 |
| 650 | 1 | 4 |
_aGanado lanar _xEngorda. _945175 |
| 650 | 1 | 4 |
_aGanado lanar _xNutrición. _945205 |
| 650 | 1 | 4 |
_aMinerales en nutrición animal. _975937 |
| 856 |
_aFinding aid _uhttp://10.13.5.2/tesis/sist112092.pdf _zTeclea aquí |
||
| 901 | _aBK | ||
| 942 | _cTESIS | ||
| 942 | _n0 | ||
| 999 |
_c108553 _d108553 |
||